Central Library OPAC University of Rajshahi

Catalogue des manuscrits arabes ... / (Record no. 83156)

MARC details
000 -LEADER
fixed length control field 00918cam a22002531 4500
001 - CONTROL NUMBER
control field 83156
003 - CONTROL NUMBER IDENTIFIER
rucl marc code BD-RjUL
005 - DATE AND TIME OF LATEST TRANSACTION
control field 20250129142302.0
008 - FIXED-LENGTH DATA ELEMENTS--GENERAL INFORMATION
fixed length control field 820603m1972 fr 000 0 fre
035 ## - SYSTEM CONTROL NUMBER
System control number (BD-RjUL)83156
040 ## - CATALOGING SOURCE
Original cataloging agency DLC
Transcribing agency DLC
Modifying agency DLC
Language of cataloging eng
041 0# - LANGUAGE CODE
Language code of text/sound track or separate title freara
082 ## - DEWEY DECIMAL CLASSIFICATION NUMBER
Edition number 23
Classification number 025.3412
Author mark and year BIB 1883
110 2# - MAIN ENTRY--CORPORATE NAME
Corporate name or jurisdiction name as entry element Bibliothèque nationale (France).
Subordinate unit Département des manuscrits.
9 (RLIN) 11906
245 10 - TITLE STATEMENT
Title Catalogue des manuscrits arabes ... /
Remainder of title Bibliothèque nationale, Département des manuscrits.
260 ## - PUBLICATION, DISTRIBUTION, ETC. (IMPRINT)
Place of publication, distribution, etc. Paris,
Name of publisher, distributor, etc. Bibliothèque nationale,
Date of publication, distribution, etc. 1883
300 ## - PHYSICAL DESCRIPTION
Pagination 819 p. ;
Size 24-32 cm.
490 ## - SERIES STATEMENT
Series statement Kiraz Historical Catalogues Archive
504 ## - BIBLIOGRAPHY, ETC. NOTE
Bibliography, etc Includes bibliographical references.
610 20 - SUBJECT ADDED ENTRY--CORPORATE NAME
Corporate name or jurisdiction name as entry element Bibliothèque nationale (France).
Subordinate unit Département des manuscrits
650 #0 - SUBJECT ADDED ENTRY--TOPICAL TERM
Topical term or geographic name as entry element Manuscripts, Arabic
Geographic subdivision France
-- Paris
General subdivision Catalogs.
9 (RLIN) 11907
700 ## - ADDED ENTRY--PERSONAL NAME
Personal name De Slane, M.Le Baron
942 ## - ADDED ENTRY ELEMENTS (KOHA)
Source of classification or shelving scheme Dewey Decimal Classification
Koha item type Books
Holdings
Lost status Source of classification or shelving scheme Damaged status Not for loan Permanent Location Current Location Shelving location Date acquired Source of acquisition Cost, normal purchase price Full call number Date last seen Copy number Koha item type
  Dewey Decimal Classification   Not For Loan Central Library, University of Rajshahi Central Library, University of Rajshahi Documentation Section 25/02/2024 Zeitlinger 165.00 FRE 025.3412 BIB 1883 25/02/2024 C-1 Books